|
|
|
|
| LEADER |
01579nam a2200433 a 4500 |
| 001 |
EBC1336653 |
| 003 |
MiAaPQ |
| 005 |
20200520144314.0 |
| 006 |
m o d | |
| 007 |
cr cn||||||||| |
| 008 |
130607s2013 dcu sb 000 0 eng d |
| 010 |
|
|
|z 2013022141
|
| 020 |
|
|
|z 9780821399866 (alk. paper)
|
| 020 |
|
|
|a 9780821399873 (electronic bk.)
|
| 035 |
|
|
|a (MiAaPQ)EBC1336653
|
| 035 |
|
|
|a (Au-PeEL)EBL1336653
|
| 035 |
|
|
|a (CaPaEBR)ebr10740786
|
| 035 |
|
|
|a (CaONFJC)MIL508759
|
| 035 |
|
|
|a (OCoLC)855505081
|
| 040 |
|
|
|a MiAaPQ
|c MiAaPQ
|d MiAaPQ
|
| 043 |
|
|
|a s-ag---
|a s-pe---
|
| 050 |
|
4 |
|a HF1480.5
|b .B366 2013
|
| 082 |
0 |
4 |
|a 382/.30982
|2 23
|
| 245 |
0 |
0 |
|a Sustaining trade reform
|h [electronic resource] :
|b institutional lessons from Argentina and Peru /
|c by Elias A. Baracat ... [et al.].
|
| 260 |
|
|
|a Washington, D.C. :
|b World Bank,
|c 2013.
|
| 300 |
|
|
|a xiv, 147 p.
|
| 490 |
1 |
|
|a Directions in development
|
| 504 |
|
|
|a Includes bibliographical references.
|
| 533 |
|
|
|a Electronic reproduction. Ann Arbor, MI : ProQuest, 2015. Available via World Wide Web. Access may be limited to ProQuest affiliated libraries.
|
| 651 |
|
0 |
|a Argentina
|x Commercial policy.
|
| 651 |
|
0 |
|a Argentina
|x Commerce.
|
| 651 |
|
0 |
|a Peru
|x Commercial policy.
|
| 651 |
|
0 |
|a Peru
|x Commerce.
|
| 655 |
|
4 |
|a Electronic books.
|
| 700 |
1 |
|
|a Baracat, Elias.
|
| 710 |
2 |
|
|a World Bank.
|
| 710 |
2 |
|
|a ProQuest (Firm)
|
| 830 |
|
0 |
|a Directions in development (Washington, D.C.)
|
| 856 |
4 |
0 |
|u https://ebookcentral.proquest.com/lib/matrademy/detail.action?docID=1336653
|z Click to View
|